000 00637nam a2200181Ia 4500
008 090123s9999 xx 000 0 und d
082 _b6957
100 _aमंगळवेढेकर राजा
245 _aशेख चिल्ली एक वल्ली
250 _a1
260 _bप्रेस्टीज प्रकाशन
300 _a55
600 _aमंगळवेढेकर राजा
630 _aशेख चिल्ली एक वल्ली
700 _aमंगळवेढेकर राजा
730 _aशेख चिल्ली एक वल्ली
942 _cBOOK
999 _c45022
_d45022